Словарь минеральных видов: пер. с англ.

Библиографические подробности
Главный автор: Флейшер М. Майкл
Примечания:Словарь содержит 3770 минеральных видов. Для каждого минерала указывается название, химическая формула, сингония, цвет. Для минералогов, кристаллографов, геохимиков, геологов, физиков, материаловедов, а так же для любителей минералов и коллекционеров.
Язык:русский
Опубликовано: Москва, Мир, 1990
Предметы:
Формат: Книга
Запись в KOHA:https://koha.lib.tpu.ru/cgi-bin/koha/opac-detail.pl?biblionumber=47700

MARC

LEADER 00000nam0a2200000 4500
001 47700
005 20231031030407.0
010 |a 5030015248 
035 |a (RuTPU)RU\TPU\book\49816 
090 |a 47700 
100 |a 20030219d1990 k y0rusy50 ca 
101 1 |a rus  |c eng 
102 |a RU 
105 |a y e 000zy 
200 1 |a Словарь минеральных видов  |e пер. с англ.  |f М. Флейшер 
210 |a Москва  |c Мир  |d 1990 
215 |a 206 с. 
330 |a Словарь содержит 3770 минеральных видов. Для каждого минерала указывается название, химическая формула, сингония, цвет. Для минералогов, кристаллографов, геохимиков, геологов, физиков, материаловедов, а так же для любителей минералов и коллекционеров. 
610 1 |a геология 
610 1 |a минералы 
610 1 |a минеральные виды 
610 1 |a словари 
675 |a 553.04(038)  |v 3 
700 1 |a Флейшер  |b М.  |g Майкл 
801 1 |a RU  |b 63413507  |c 20030219  |g PSBO 
801 2 |a RU  |b 63413507  |c 20141112  |g PSBO 
942 |c BK